000 00599nam a2200169 a 4500
008 120416s2005 ||||||||||||||||| || u
020 _a0849323533
050 _aQK 711.2 Pla
100 _aTurnbull, Colin G.N
245 1 0 _aPlant architecture and its manipulation
_cedited by Colin G. N. Turnbull
260 _aOxford
_bBlackwell
_c2005
300 _axii, 322p. : ill.
350 _a0.00
650 _aPLANT PHYSIOLOGY
650 _aPLANTS
995 _D0.00
_FCBU-MAIN LIBRARY (Kitwe)
_H1
_I35.00
_UAVAILABLE
_ZMain Library Open Access Collection
999 _c53732
_d53732